[Event "Polanica Zdroj op-D 58th"]
[Site "Polanica Zdroj"]
[Date "2022.08.21"]
[Round "9"]
[White "Durzynski, Jan"]
[Black "Sola, Wojciech"]
[Result "0-1"]
[WhiteElo "1406"]
[BlackElo "1780"]
[PlyCount "118"]
[EventDate "2022.08.13"]
[EventType "swiss"]
[EventRounds "9"]
[EventCountry "POL"]
[SourceTitle "CBM 210 Extra"]
[Source "ChessBase"]
[SourceDate "2022.11.30"]
[SourceVersion "1"]
[SourceVersionDate "2022.11.30"]
[SourceQuality "1"]

1. e4 c5 2. Nf3 g6 3. c3 Bg7 4. d4 cxd4 5. cxd4 d5 6. e5 Bg4 7. Bb5+ Nc6 8. 0-0 e6 9. h3 Bxf3 10. Qxf3 Nge7 11. Nc3 0-0 12. Qd3 Qb6 13. Bxc6 Nxc6 14. Be3 Rfc8 15. a3 Qb3 16. Qb5 Qxb5 17. Nxb5 Bf8 18. Rac1 a6 19. Nc3 Na5 20. Na2 Nc4 21. Rb1 Rc6 22. Bc1 a5 23. a4 Rac8 24. Bf4 b5 25. axb5 Rb6 26. Nc3 Bb4 27. Rfc1 Bxc3 28. bxc3 Rcb8 29. Kf1 Kf8 30. Ke2 Rxb5 31. Rxb5 Rxb5 32. Kd3 Ke7 33. Rc2 Rb1 34. Rc1 Rxc1 35. Bxc1 Kd7 36. Kc2 Kc6 37. g4 Kb5 38. f4 Nb6 39. Kb3 a4+ 40. Kb2 Nc4+ 41. Kc2 Ka5 42. f5 exf5 43. gxf5 gxf5 44. Bg5 Kb5 45. Bc1 Kc6 46. h4 Kd7 47. Bg5 Ke6 48. Kb1 Kd7 49. Ka2 Kc6 50. h5 Kb5 51. Bf4 Nb6 52. Kb2 Kc4 53. Kc2 a3 54. Bc1 a2 55. Kb2 Na4+ 56. Kxa2 Nxc3+ 57. Kb2 Ne2 58. Be3 f4 59. Bf2 Nxd4 0-1

[Event "Polanica Zdroj op-D 58th"]
[Site "Polanica Zdroj"]
[Date "2022.08.14"]
[Round "2"]
[White "Sola, Wojciech"]
[Black "Bednarkiewicz, Jakub"]
[Result "1/2-1/2"]
[WhiteElo "1780"]
[BlackElo "1545"]
[PlyCount "94"]
[EventDate "2022.08.13"]
[EventType "swiss"]
[EventRounds "9"]
[EventCountry "POL"]
[SourceTitle "CBM 210 Extra"]
[Source "ChessBase"]
[SourceDate "2022.11.30"]
[SourceVersion "1"]
[SourceVersionDate "2022.11.30"]
[SourceQuality "1"]

1. c4 Nf6 2. Nc3 Nc6 3. Nf3 e5 4. d4 exd4 5. Nxd4 Bb4 6. Nxc6 Bxc3+ 7. bxc3 bxc6 8. Bg5 Qe7 9. e3 Qe5 10. Bxf6 Qxf6 11. Qd4 Ke7 12. Bd3 Rb8 13. c5 Qxd4 14. cxd4 d6 15. cxd6+ cxd6 16. 0-0 Be6 17. Rfc1 Rb6 18. Kf1 Rc8 19. Rc2 c5 20. dxc5 dxc5 21. Rac1 c4 22. Be4 Rcb8 23. Ke1 Kd6 24. f4 f5 25. Bf3 Rb1 26. Kd2 Rxc1 27. Kxc1 Kc5 28. h3 Rd8 29. Be2 Kb4 30. g4 c3 31. a3+ Kxa3 32. Rxc3+ Kb4 33. Rc6 Rc8 34. Rxc8 Bxc8 35. Kb2 a5 36. Bd3 fxg4 37. hxg4 Bxg4 38. Bxh7 Be6 39. f5 Bd5 40. e4 Bf7 41. e5 Kc5 42. e6 Be8 43. Bg8 Kd6 44. Kc3 Ke7 45. Kc4 Kf6 46. Bh7 Ke5 47. Kb3 Kf6 1/2-1/2